00433 2200181 4500001002100000005001500021008004100036020001800077035001900095041000700114082000800121090001400129100001300143245001800156260003400174300002700208650001600235INLIS00000000000242220241224112533241224||||||||| | ||| |||| || |  a979-3632-58-2 0010-1224002422 aid0 a610 a610 WID k0 aWidharto00aKencing Manis aJakartabSunda Kelapa Pustaka aiv+44 hlm;15 x 21.5 cm 0aImu Terapan